000 00802nam a22001337a 4500
040 _cRUA
082 _aAGR HOU 2011 B050 Or.1
100 _aHOUN, SOTHEARETH
245 _aEffects of weed control on senpidea rice on prateah lang soil conditional in tram kok district,takeo province, ឥទ្ទិពលបច្ចេកទេសកំចាត់ស្មៅចង្រៃលើដំណាំស្រូវសែនពិដោ​ក្នុងលក្ខខណ្ឌដីប្រទះឡាងនៅដើមរដូវវស្សាស្រុកត្រាំកក់ ខេត្តតាកែវ
260 _aPhnom Penh
_bRUA
_c2011
300 _axi, 46p.
_bill.
_c29cm.
856 _uhttps://drive.google.com/file/d/1mv6uDQg0-ieQt4myuVKq_0X6PXVli1jm/view?usp=sharing
942 _cAGR
999 _c1357
_d1357